000
00321nam a22001337a 4500
008
181009b xxu||||| |||| 00| 0 eng d
020
_a
9780030344824
041
_a
eng
080
_2
10th
_a
330.101
100
_a
52
101
_a
MIK
245
_a
Microeconomics private & public choice
_c
Gwartney,J.D
942
_2
udc
_c
BK
999
_c
49121
_d
49121